|
|
|
|
| LEADER |
02193nam a2200385 a 4500 |
| 001 |
13311494 |
| 008 |
090623s2004 maua b 001 0 eng d |
| 010 |
|
|
|a \\2003060364
|
| 020 |
|
|
|a 0321173856 (pbk. : alk. paper)
|
| 020 |
|
|
|a 0321173856
|
| 040 |
|
|
|a DLC
|c DLC
|d DLC
|
| 082 |
0 |
0 |
|a 686.2/2544536
|2 22
|
| 999 |
|
|
|c 1658
|d 1658
|
| 999 |
|
|
|c 1658
|
| 999 |
|
|
|c 1658
|
| 999 |
|
|
|c 1658
|
| 100 |
1 |
|
|a Kopka, Helmut.
|9 1108
|
| 245 |
1 |
0 |
|a Guide to LATEX /
|c Helmut Kopka, Patrick W. Daly.
|
| 250 |
|
|
|a 4th ed.
|
| 260 |
|
|
|a Boston :
|b Addison-Wesley,
|c c2004.
|
| 300 |
|
|
|a xii, 597 p. :
|b ill. ;
|c 24 cm. + 1 CD-ROM (4 3/4 in.)
|
| 490 |
1 |
|
|a Addison-Wesley series on tools and techniques for computer typesetting
|
| 500 |
|
|
|a Accompanying computer disk has title: "TEX Live 2003."
|
| 504 |
|
|
|a Includes bibliographical references (p. 557-558) and index.
|
| 541 |
1 |
|
|e 00017911
|
| 650 |
|
0 |
|a Computerized typesetting.
|9 1109
|
| 700 |
1 |
|
|a Daly, Patrick W.
|9 1110
|
| 852 |
4 |
|
|a Ayesha Abed Library
|j General shelf
|
| 942 |
|
|
|2 ddc
|c BK
|
| 952 |
|
|
|0 0
|1 0
|2 ddc
|4 0
|6 686_225445360000000_KOP
|7 0
|9 15902
|a BRACUL
|b BRACUL
|c GEN
|d 2011-03-29
|e D. S. Books International
|l 2
|m 29
|o 686.22544536 KOP
|p 3010017911
|r 2025-08-10
|s 2025-08-04
|t 1
|w 2011-03-29
|y BK
|x USD 59.99
|
| 952 |
|
|
|0 0
|1 0
|2 ddc
|4 0
|6 686_225445360000000_KOP
|7 0
|9 15903
|a BRACUL
|b BRACUL
|c GEN
|d 2011-03-29
|e Parama
|g 4079.32
|l 1
|m 2
|o 686.22544536 KOP
|p 3010022226
|r 2023-08-28
|s 2023-08-07
|t 3
|w 2011-03-29
|y BK
|x Koha Inventory 2020
|
| 952 |
|
|
|0 0
|1 0
|2 ddc
|4 0
|6 686_225445360000000_KOP
|7 0
|9 15904
|a BRACUL
|b BRACUL
|c AV
|d 2011-03-29
|l 0
|o 686.22544536 KOP
|p 4010017911
|r 2011-03-29
|t 1
|w 2011-03-29
|y AV
|
| 952 |
|
|
|0 0
|1 0
|2 ddc
|4 0
|6 686_225445360000000_KOP
|7 0
|9 15905
|a BRACUL
|b BRACUL
|c GEN
|d 2011-03-29
|l 4
|o 686.22544536 KOP
|p 4010022226
|r 2023-08-07
|s 2023-08-07
|t 2
|w 2011-03-29
|y AV
|
| 952 |
|
|
|0 0
|1 0
|2 ddc
|4 0
|6 686_225445360000000_KOP
|7 0
|9 15906
|a BRACUL
|b BRACUL
|c GEN
|d 2011-03-29
|e D. S. Books International
|l 1
|m 1
|o 686.22544536 KOP
|p 3010017912
|r 2023-09-04
|s 2023-08-28
|t 2
|w 2011-03-29
|y BK
|x Koha Inventory 2020 ; USD 59.99
|
| 952 |
|
|
|0 0
|1 0
|2 ddc
|4 0
|6 686_225445360000000_KOP
|7 0
|9 15907
|a BRACUL
|b BRACUL
|c AV
|d 2011-03-29
|l 1
|o 686.22544536 KOP
|p 4010017912
|r 2023-08-07
|s 2023-08-07
|t 3
|w 2011-03-29
|y AV
|